Statistics for Popular French Girl Names

Click here to take the quiz!

General Stats

  • This quiz has been taken 27 times
  • The average score is 4 of 15

Answer Stats

HintAnswer% Correct
EEmma
76%
LLina
64%
CChloe
48%
LLea
48%
LLouise
48%
GGabriel
36%
IInes
28%
JJade
24%
MManon
20%
JJules
12%
MMila
12%
AAlix
4%
AAaida
0%
AAbella
0%
AAbrielle
0%

Score Distribution

Percentile by Number Answered

Percent of People with Each Score

Your Score History

You have not taken this quiz